| 000 | 00588nam a2200193 i 4500 | ||
|---|---|---|---|
| 001 | 50835 | ||
| 003 | ES-MaACL | ||
| 005 | 20230906162238.0 | ||
| 007 | t| | ||
| 008 | 030807s1985 sp ||||1| spa d | ||
| 020 | _a84-234-0595-8 | ||
| 100 | 1 |
_aCurran, Susan. _942226 |
|
| 245 | 1 | 0 |
_aQué debe saber un ejecutivo sobre automatización de oficinas / _cSusan Curran y Horace Mitchell ; traducción Diorki. |
| 260 |
_aBilbao : _bDeusto, _c[1985] |
||
| 300 |
_a176 p. ; _c23 cm. |
||
| 700 | 1 |
_aMitchell, Horace. _981673 |
|
| 710 | 2 |
_aDiorki. _93392 |
|
| 852 |
_aES-MaACL _jL-8940 _bR.110617 |
||
| 999 |
_c50835 _d50835 |
||